000 00761cam a2200277 4500
001 J2768
008 090401t1994 xxu||||| |||| 00| 0 eng d
035 _a(Sirsi) u51112
041 _aeng
050 _a333.337
110 _aJones Lang Wootton
_92909
245 _aProperty confidence review: Leeds/Yorkshire & Humberside: main report. - December 1994
260 _aLondon
_bJones Lang Wootton
_c1994
300 _aii,15 leaves ; 30cm.
350 _a0
490 _aOccupier Trends
650 _aBUSINESS CONFIDENCE
650 _aLEEDS
650 _aOCCUPIERS REQUIREMENTS
650 _aOFFICES
650 _aPROPERTY CONFIDENCE REVIEW
650 _aYORKSHIRE
690 _aPROPERTY-COMMERCIAL PROPERTY
942 _n0
948 _c04/03/1997
999 _c92819
_d92819